Analysis of farmers suicides in Kerala (Record no. 52190)

MARC details
000 -LEADER
fixed length control field 00290nam a2200109Ia 4500
100 ## - MAIN ENTRY--AUTHOR NAME
Personal name Mohanakumar S
245 #0 - TITLE STATEMENT
Title Analysis of farmers suicides in Kerala
260 ## - PUBLICATION, DISTRIBUTION, ETC. (IMPRINT)
Name of publisher Economic and Political Weekly
Year of publication 2006
300 ## - PHYSICAL DESCRIPTION
Number of Pages 1553-1558
942 ## - ADDED ENTRY ELEMENTS (KOHA)
Koha item type Bibliography STAF
Holdings
Withdrawn status Lost status Damaged status Not for loan Home library Current library Date acquired Serial Enumeration / chronology Koha item type
      Bibliography RRII Library RRII Library 09/04/2014 Volume XLI, Issue 16 Bibliography STAF